Slipknot Songs - Statistics

General Stats
  • This quiz has been taken 84 times
  • The average score is 12 of 17
Answers on the Grid
Answers color-coded by a green-red scale on the quiz's grid according to % correct below.
People = Sh*t
7462170000027
Blood Runs Down
666
Opium of the People
Gather Around
Slow And Painful
Suffering Incarnate
(515)
Me Inside
Organsplosion
Run
Liberate
Gently
Rust To Death
Snuff
Devourer
Spit It Out
The Blister Exists
In All That Is Holy...
Nero Forte
Surfacing
Purity
Spiders
Help You Rot
Wait and Bleed
Out
The Heretic Anthem
Face In The Thorn Bush
Duality
 
Answer Stats
Answer % Correct
People = Sh*t
94%
Duality
85%
Spit It Out
82%
Wait and Bleed
82%
7462170000027
81%
Snuff
81%
Nero Forte
77%
Surfacing
76%
(515)
71%
Liberate
71%
The Heretic Anthem
71%
Opium of the People
68%
The Blister Exists
68%
Me Inside
63%
Purity
61%
Spiders
52%
Gently
44%
No matching quizzes found
Score Distribution
Percent of People with Each Score
Percentile by Number Answered
Your Score History
You have not taken this quiz